| 000 | 00625nam a2200193 a 4500 | ||
|---|---|---|---|
| 001 | 919 | ||
| 003 | CO-ViMGA | ||
| 008 | 141112s2004 ck r 000 u spa d | ||
| 040 |
_aCO-ViMGA _bspa _cCO-ViMGA |
||
| 082 | 0 | 4 | _a152.44 M147 |
| 100 | 1 |
_aMoisonneuve, Jean _948890 |
|
| 245 | 1 | 0 | _aLos sentimientos |
| 260 |
_aBarcelona : _bOikos - tau, _c1972 |
||
| 300 | _a124 p | ||
| 490 | _aQue se?, 89 | ||
| 505 | _aLos sentimientos y la vida afectiva 11 - - Sentimientos y valores 37 - - Sentimientos del yo y psicosociales 59 - - La inquietud y la angustia 99 - - La esperanza 113 | ||
| 650 | 1 | 4 | _aSENTIMIENTOS |
| 942 |
_2ddc _cBK |
||
| 999 |
_c13146 _d13146 |
||